000 00339nam a2200145 i 4500
001 bg
100 1 _aMELLER, E.
245 0 _aĆwiczenia z analizy tolerancji /
_cE. Meller, A. Meller.
260 _aGdańsk,
_c1991.
700 1 _aMELLER, A.
040 _cBPK
041 _apol
942 _cKS
008 s pl f |000 0 pol
999 _c4684
_d4684
856 _uhttp://koha.tu.koszalin.pl/cgi-bin/koha/opac-detail.pl?biblionumber=4684
_yKatalog online BPK